Resistencia de materiales v.I
| Main Author: | |
|---|---|
| Format: | Section = Libro |
| Language: | Undetermined Spanish |
| Published: |
cuba
Pueblo y Educación
1969
|
| Subjects: |
| LEADER | 00438nam a2200169Ia 4500 | ||
|---|---|---|---|
| 008 | 240830s9999 xx 000 0 und d | ||
| 040 | |a CEDOC FIQ-RUSB / 620.112 F344 | ||
| 041 | |a spa | ||
| 082 | |a 620.112 F344 | ||
| 100 | 1 | |a Feodosiev, V.I. | |
| 245 | 1 | 0 | |a Resistencia de materiales v.I |
| 260 | |a cuba |b Pueblo y Educación |c 1969 | ||
| 300 | |a 180 p. :il | ||
| 650 | 7 | |a RESISTENCIA DE MATERIALES | |
| 942 | |c BK |2 ddc | ||
| 991 | |a TEXTO | ||
| 999 | |c 14111 | ||